Hi- Sharp

محفوظ في:
التفاصيل البيبلوغرافية
التنسيق: كتاب
اللغة:Undetermined
الموضوعات:
الوسوم: إضافة وسم
لا توجد وسوم, كن أول من يضع وسما على هذه التسجيلة!
Thư viện lưu trữ: Trung tâm Học liệu Trường Đại học Cần Thơ
LEADER 00378nam a2200121Ia 4500
001 CTU_117839
008 210402s9999 xx 000 0 und d
082 |a 005.7565 
082 |b H623 
245 0 |a Hi- Sharp 
650 |a database administration,programming languages ( electronic computers ) 
650 |x computer programs 
980 |a Trung tâm Học liệu Trường Đại học Cần Thơ